James Bond Henchmen - Statistics

General Stats
  • This quiz has been taken 27 times
  • The average score is 15 of 30
Answer Stats
Picture Answer % Correct
Jaws
100%
Oddjob
90%
Nick Nack
86%
Xenia Onatopp
76%
Mr. Kidd
71%
Mr. Wint
71%
Red Grant
67%
Tee Hee
67%
Baron Samedi
62%
May Day
62%
Mr. Hinx
48%
Boris Grishenko
43%
Dario
43%
Fiona Volpe
43%
Professor Dent
43%
Zao
43%
Chang
38%
Richard Stamper
38%
Elvis
33%
Erich Kriegler
33%
Gobinda
33%
Hans
33%
Helga Brandt
33%
Irma Bunt
33%
Necros
33%
Patrice
33%
Mr. Bullion
29%
Primo
29%
Vargas
29%
Adolph Gettler
10%
No matching quizzes found
Score Distribution
Percent of People with Each Score
Percentile by Number Answered
Your Score History
You have not taken this quiz